New essential first aid (Record no. 24703)

MARC details
000 -LEADER
fixed length control field 00325nam a2200133Ia 4500
082 ## - DEWEY DECIMAL CLASSIFICATION NUMBER
Classification number 614.88
Item number GAR
100 ## - MAIN ENTRY--AUTHOR NAME
Personal name Gardner, A Ward
245 #0 - TITLE STATEMENT
Title New essential first aid
260 ## - PUBLICATION, DISTRIBUTION, ETC. (IMPRINT)
Place of publication London
Name of publisher Bantam
Year of publication 1967
650 ## - SUBJECT ADDED ENTRY--TOPICAL TERM
Topical Term First aid
700 ## - ADDED ENTRY--PERSONAL NAME
Personal name Roylance, Peter J
942 ## - ADDED ENTRY ELEMENTS (KOHA)
Koha item type Books
Holdings
Withdrawn status Lost status Damaged status Not for loan Home library Current library Date acquired Cost, normal purchase price Full call number Accession Number Koha item type
        RRII Library RRII Library 16/12/2021 18.95 614.88 GAR 05376 Books